Statistiken für Meistbesuchten Länder der Welt

Klicken Sie hier um das Quiz zu spielen!

Allgemein

  • Dieses Quiz wurde 255 mal gespielt
  • Das Durchschnittsergebnis liegt bei 16 aus 20

Antwortstatistiken

MeistbesuchtAntwort% Korrekt
8.Deutschland
99%
3.USA
99%
4.China
98%
1.Frankreich
98%
2.Spanien
98%
5.Italien
96%
18.Kanada
94%
16.Japan
93%
17.Russland
92%
11.Australien
91%
10.Vereinigtes Königreich
89%
7.Mexiko
88%
6.Türkei
87%
15.Griechenland
83%
14.Österreich
78%
9.Thailand
76%
20.Niederlande
72%
19.Südkorea
71%
13.Malaysia
38%
12.Hongkong
9%

Verteilung der Resultate

Perzentil nach korrekt beantworteten Fragen

Anzahl Personen mit jedem Resultat

Ihre Resultats-Entwicklung

Sie haben dieses Quiz noch nicht gespielt